All CR:K Cookies (Starlight Isle Upd.) - Statistics

General Stats
  • This quiz has been taken 70 times
    31 since last reset
  • The average score is 65 of 152
Answer Stats
Rarity Class Answer % Correct
Common Charge Gingerbrave
88%
Ancient Healing Pure Vanilla Cookie
76%
Beast Magic Shadow Milk Cookie
76%
Common Defense Strawberry Cookie
76%
Beast Charge Burning Spice Cookie
71%
Beast Bomber Eternal Sugar Cookie
71%
Ancient Ranged Golden Cheese Cookie
71%
Ancient Defense Hollyberry Cookie
71%
Dragon Charge Pitaya Dragon Cookie
71%
Ancient Bomber White Lily Cookie
71%
Common Magic Wizard Cookie
71%
Common Healing Angel Cookie
65%
Ancient Charge Dark Cacao Cookie
65%
Legendary Magic Frost Queen Cookie
65%
Special Support Marshmallow Bunny Cookie
65%
Legendary Magic Moonlight Cookie
65%
Beast Healing Mystic Flour Cookie
65%
Legendary Bomber Sea Fairy Cookie
65%
Legendary Ranged Wind Archer Cookie
65%
Legendary Ambush Black Pearl Cookie
59%
Rare Bomber Cherry Cookie
59%
Special Support Cream Ferret Cookie
59%
Rare Magic Devil Cookie
59%
Common Ambush Ninja Cookie
59%
Epic Charge Raspberry Cookie
59%
Special Support Snapdragon Cookie
59%
Rare Defense Avocado Cookie
53%
Rare Magic Blackberry Cookie
53%
Epic Ambush Black Raisin Cookie
53%
Epic Charge Burnt Cheese Cookie
53%
Epic Ranged Caramel Arrow Cookie
53%
Epic Charge Dark Choco Cookie
53%
Legendary Magic Fire Spirit Cookie
53%
Epic Healing Herb Cookie
53%
Epic Magic Licorice Cookie
53%
Epic Charge Milky Way Cookie
53%
Epic Magic Mozzarella Cookie
53%
Common Charge Muscle Cookie
53%
Rare Support Onion Cookie
53%
Epic Support Parfait Cookie
53%
Rare Charge Princess Cookie
53%
Epic Defense Strawberry Crepe Cookie
53%
Epic Ranged Tiger Lily Cookie
53%
Epic Defense Wildberry Cookie
53%
Rare Ambush Adventurer Cookie
47%
Epic Bomber Affogato Cookie
47%
Epic Magic Agar Agar Cookie
47%
Common Ranged Beet Cookie
47%
Super Epic Charge Capsaicin Cookie
47%
Epic Ambush Cherry Blossom Cookie
47%
Epic Ambush Chili Pepper Cookie
47%
Super Epic Magic Clotted Cream Cookie
47%
Rare Support Clover Cookie
47%
Epic Magic Espresso Cookie
47%
Special Healing Icicle Yeti Cookie
47%
Rare Defense Knight Cookie
47%
Epic Defense Madeleine Cookie
47%
Super Epic Support Oyster Cookie
47%
Epic Support Pomegranate Cookie
47%
Epic Magic Pumpkin Pie Cookie
47%
Epic Magic Snow Sugar Cookie
47%
Legendary Charge Stormbringer Cookie
47%
Epic Charge Tea Knight Cookie
47%
Epic Ambush Vampire Cookie
47%
Rare Bomber Alchemist Cookie
41%
Epic Support Almond Cookie
41%
Epic Charge Black Forest Cookie
41%
Epic Support Black Sapphire Cookie
41%
Epic Magic Blueberry Pie Cookie
41%
Epic Bomber Candy Apple Cookie
41%
Epic Support Caramel Choux Cookie
41%
Rare Support Carrot Cookie
41%
Epic Defense Cocoa Cookie
41%
Epic Support Cream Puff Cookie
41%
Epic Charge Crunchy Chip Cookie
41%
Super Epic Defense Elder Faerie Cookie
41%
Epic Support Fig Cookie
41%
Epic Defense Financier Cookie
41%
Rare Bomber Gumball Cookie
41%
Epic Magic Latte Cookie
41%
Epic Ambush Lemon Cookie
41%
Epic Magic Mango Cookie
41%
Epic Defense Milk Cookie
41%
Epic Support Nutmeg Tiger Cookie
41%
Epic Support Olive Cookie
41%
Epic Ranged Pastry Cookie
41%
Super Epic Magic Shining Glitter Cookie
41%
Epic Support Silverbell Cookie
41%
Epic Magic Smoked Cheese Cookie
41%
Epic Magic Squid Ink Cookie
41%
Epic Magic Wedding Cake Cookie
41%
Epic Bomber Black Lemonade Cookie
35%
Epic Bomber Captain Caviar Cookie
35%
Epic Support Cotton Cookie
35%
Super Epic Defense Crimson Coral Cookie
35%
Epic Defense Fettuccine Cookie
35%
Epic Magic Matcha Cookie
35%
Epic Charge Mercurial Knight Cookie
35%
Epic Defense Moon Rabbit Cookie
35%
Rare Ambush Pancake Cookie
35%
Epic Bomber Pavlova Cookie
35%
Epic Support Peppermint Cookie
35%
Epic Bomber Prune Juice Cookie
35%
Epic Ranged Red Osmanthus Cookie
35%
Epic Charge Red Velvet Cookie
35%
Epic Healing Rockstar Cookie
35%
Epic Ranged Rye Cookie
35%
Super Epic Ranged Sherbet Cookie
35%
Epic Healing Sparkling Cookie
35%
Epic Support Star Coral Cookie
35%
Super Epic Ambush Stardust Cookie
35%
Epic Support Sugarfly Cookie
35%
Epic Defense Cloud Haetae Cookie
29%
Epic Ranged Crème Brûlée Cookie
29%
Rare Healing Custard Cookie III
29%
Epic Support Eclair Cookie
29%
Epic Bomber Golden Osmanthus Cookie
29%
Epic Defense Kouign-Amann Cookie
29%
Epic Support Lilac Cookie
29%
Epic Charge Mala Sauce Cookie
29%
Epic Support Mint Choco Cookie
29%
Epic Support Peach Blossom Cookie
29%
Epic Bomber Poison Mushroom Cookie
29%
Epic Bomber Pudding à la Mode Cookie
29%
Epic Charge Purple Yam Cookie
29%
Epic Ambush Royal Margarine
29%
Epic Ambush Sorbet Shark Cookie
29%
Epic Bomber Street Urchin Cookie
29%
Epic Ranged Tarte Tatin Cookie
29%
Awakened Ancient Defense Aegis Hollyberry Cookie
24%
Super Epic Charge Camelia Cookie
24%
Epic Ambush Choco Drizzle Cookie
24%
Awakened Ancient Healing Compassionate Pure Vanilla Cookie
24%
Epic Healing Cream Unicorn Cookie
24%
Awakened Ancient Charge Dragon Lord Dark Cacao Cookie
24%
Epic Support Frilled Jellyfish Cookie
24%
Epic Defense Green Tea Mousse Cookie
24%
Awakened Ancient Ranged Immortal Golden Cheese Cookie
24%
Epic Support Linzer Cookie
24%
Epic Healing Okchun Cookie
24%
Epic Bomber Pinecone Cookie
24%
Epic Support Prophet Cookie
24%
Epic Ambush Rebel Cookie
24%
Epic Charge Space Doughnut
24%
Epic Ranged Twizzly Gummy Cookie
24%
Epic Charge Werewolf Cookie
24%
Epic Charge Butter Roll Cookie
18%
Epic Healing Carol Cookie
18%
Epic Charge Kumiho Cookie
18%
Epic Charge Schwarzwälder
18%
Epic Support Candy Diver Cookie
12%
Epic Magic Macaron Cookie
12%
No matching quizzes found
Score Distribution
Percent of People with Each Score
Percentile by Number Answered
Your Score History
You have not taken this quiz since the last reset